000 00551nam a22001697a 4500
005 20251108164734.0
008 250721s1983 xx 000 0 ara d
082 1 4 _a615.781/فؤا
100 1 _aالقسوس، فؤاد
245 1 0 _aحقيقة المخدرات /
264 1 _aعمان :
_bوزارة الصحة،
_c1983.
300 _a65ص
650 1 7 _aالمخدرات
710 2 _aاللجنة الوطنية للدراسة و التوعية لظاهرة المخدرات و المسكرات
_eجامع
942 _2ddc
_cBK
999 _c13154
_d13154